书目信息 |
| 题名: |
小学生语文阅读与作文轻松练
|
|
| 作者: | 徐林 主编 | |
| 分册: | 一年级 | |
| 出版信息: | 北京 华语教学出版社 2017.9 |
|
| 页数: | 148页 | |
| 开本: | 26cm | |
| 丛书名: | 方洲新概念 | |
| 单 册: | ||
| 中图分类: | G624.233 , G624.243 | |
| 科图分类: | ||
| 主题词: | 阅读课--小学--教学参考资料 , 作文课--小学--教学参考资料 | |
| 电子资源: | ||
| ISBN: | 978-7-5138-1256-6 | |
| 000 | 01201nam2 2200289 45 | |
| 001 | 012001001543 | |
| 005 | 20140821095214.0 | |
| 010 | @a978-7-5138-1256-6@dCNY19.80 | |
| 100 | @a20171116e20172016ce y0chiy0110 ea | |
| 101 | 0 | @achi |
| 102 | @aCN@b110000 | |
| 105 | @ay z 000yy | |
| 106 | @ar | |
| 200 | 1 | @a小学生语文阅读与作文轻松练@Axiao xue sheng yu wen yue du yu zuo wen qing song lian@i一年级@f徐林主编 |
| 210 | @a北京@c华语教学出版社@d2017.9 | |
| 215 | @a148页@d26cm | |
| 225 | 2 | @a方洲新概念 |
| 330 | @a阅读与作文是考试中分值所占比重很大的两个部分,阅读能力与写作能力是学生需要重点提高的两种能力,这两种能力又是相辅相成,可以共同提高的。本书就针对这两大板块对学生进行辅导和训练。本书既注重方法的辅导,又加强实战练习,让学生掌握阅读与写作的相关方法,在实战练习中进行运用。本书主要分两个部分,第一部分详解阅读能力点和写作能力点,第二部分分类别针对性进行读写训练。 | |
| 410 | 0 | @12001 @a方洲新概念 |
| 461 | 0 | @12001 @a方洲新概念 |
| 606 | 0 | @a阅读课@x小学@j教学参考资料 |
| 606 | 0 | @a作文课@x小学@j教学参考资料 |
| 690 | @aG624.233@v5 | |
| 690 | @aG624.243@v5 | |
| 701 | 0 | @a徐林@Axu lin@c(语文教育)@4主编 |
| 801 | @aCN@bAHXH@c20210922 | |
| 905 | @b1252042-6@dG624.233@e1594@f5 | |
| 小学生语文阅读与作文轻松练.一年级/徐林主编.-北京:华语教学出版社,2017.9 |
| 148页;26cm.-(方洲新概念) |
| ISBN 978-7-5138-1256-6:CNY19.80 |
| 阅读与作文是考试中分值所占比重很大的两个部分,阅读能力与写作能力是学生需要重点提高的两种能力,这两种能力又是相辅相成,可以共同提高的。本书就针对这两大板块对学生进行辅导和训练。本书既注重方法的辅导,又加强实战练习,让学生掌握阅读与写作的相关方法,在实战练习中进行运用。本书主要分两个部分,第一部分详解阅读能力点和写作能力点,第二部分分类别针对性进行读写训练。 |
| ● |
| 相关链接 |
|
|
|
|
正题名:小学生语文阅读与作文轻松练
索取号:G624.233/1594
 
预约/预借
| 序号 | 登录号 | 条形码 | 馆藏地/架位号 | 状态 | 备注 |
| 1 | 1252042 | 212520422 | 第一样本阅览室/ [索取号:G624.233/1594] | 在馆 | |
| 2 | 1252043 | 212520431 | 教育系资料室/ [索取号:G624.233/1594] | 在馆 | |
| 3 | 1252044 | 212520440 | 教育系资料室/ [索取号:G624.233/1594] | 在馆 | |
| 4 | 1252045 | 212520459 | 第四借阅区/ [索取号:G624.233/1594] | 在馆 | |
| 5 | 1252046 | 212520468 | 第四借阅区/ [索取号:G624.233/1594] | 在馆 |